LIBRARY & INFORMATION CENTRE, KCAET, TAVANUR

ONLINE PUBLIC ACCESS CATALOGUE (OPAC)

Hydraulics,Fluid Mechanics and Fluid Machines / (Record no. 12983)

MARC details
000 -LEADER
fixed length control field 00391cam a2200145ua 4500
020 ## - INTERNATIONAL STANDARD BOOK NUMBER
ISBN 9788187433842
082 ## - DEWEY DECIMAL CLASSIFICATION NUMBER
Classification number 532
Item number RAM/HY
100 ## - MAIN ENTRY--AUTHOR NAME
Personal name Ramamrutham, S.
100 ## - MAIN ENTRY--AUTHOR NAME
Personal name Narayan, R .
245 ## - TITLE STATEMENT
Title Hydraulics,Fluid Mechanics and Fluid Machines /
250 ## - EDITION STATEMENT
Edition statement / 7 th
260 ## - PUBLICATION, DISTRIBUTION, ETC. (IMPRINT)
Place of publication New Delhi :
Name of publisher Dhanpat Rai Publishing Co. Pvt. Ltd. ,
Year of publication 2003
300 ## - PHYSICAL DESCRIPTION
Number of Pages 1183
942 ## - ADDED ENTRY ELEMENTS (KOHA)
Koha item type Books
Holdings
Withdrawn status Lost status Damaged status Home library Current library Date acquired Full call number Accession Number Koha item type Collection code Shelving location Source of acquisition Cost, normal purchase price
      KAUAET KAUAET 07/04/2012 532 21191 Books        
      KAUAET KAUAET 07/04/2012 532 21192 Books        
      KAUAET KAUAET 29/08/2016 532 RAM/HY BB 110 Book Bank scheme for SC students   Scheme Penta Books Distributors, Calicut. 250.00
      KAUAET KAUAET 29/08/2016 532 RAM/HY BB 111 Book Bank scheme for SC students   Scheme Penta Books Distributors, Calicut. 250.00
free website counter